LEADER 02743nam 2200577Ia 450 001 9910454912803321 005 20200520144314.0 010 $a1-282-25010-8 010 $a9786612250101 010 $a92-4-068376-3 035 $a(CKB)1000000000804065 035 $a(EBL)456328 035 $a(OCoLC)496022988 035 $a(SSID)ssj0000341385 035 $a(PQKBManifestationID)11257587 035 $a(PQKBTitleCode)TC0000341385 035 $a(PQKBWorkID)10390652 035 $a(PQKB)10663836 035 $a(MiAaPQ)EBC456328 035 $a(Au-PeEL)EBL456328 035 $a(CaPaEBR)ebr10318259 035 $a(CaONFJC)MIL225010 035 $a(OCoLC)535923494 035 $a(EXLCZ)991000000000804065 100 $a20081027d2008 uy 0 101 0 $afre 135 $aurcn||||||||| 181 $ctxt 182 $cc 183 $acr 200 00$aPersonnes a?ge?es et les urgences dans a perspective d'un vieillissement actif$b[electronic resource] 210 $aGeneva $cOrganisation mondiale de la Sante?$d2008 215 $a1 online resource (58 p.) 300 $aDescription based upon print version of record. 311 $a92-4-256364-1 327 $aCOVER; COPYRIGHT; Table des matie?res; Introduction; I. Les urgences d'origine naturelle et lie?es a? des conflits dans un monde vieillissant; II. Urgences et personnes a?ge?es : qu'avons-nous appris?; III. Inte?grer les besoins et les contributions des personnes a?ge?es aux situations d'urgence : un cadre pour le vieillissement actif; IV. La re?ponse strate?gique; Conclusion; Sources des donne?es des e?tudes de cas 330 $aLe present rapport constitue une response concrete au Plan d'action international de Madrid sur le vieillissement (PAIMV) 2002 dont une des recommandations est que l'ont reconnaisse davantage et que l'on ameliore l'apport positif des aines durant les situations d'urgence et les efforts de reconstruction. En collaboration avec l'agence de la sante publique du Canada et Help the Aged (Royaume-Uni), l'OMS a commande en 2006-2007 des etudes de cas pour savoir comment les personnes agees agissaient lors d'urgences liees a des conflits et d'origine naturelle qui ont eclate tant dans des pays develop 606 $aMedical emergencies 606 $aOlder people$xMedical care 608 $aElectronic books. 615 0$aMedical emergencies. 615 0$aOlder people$xMedical care. 676 $a617.026 712 02$aWorld Health Organization. 801 0$bMiAaPQ 801 1$bMiAaPQ 801 2$bMiAaPQ 906 $aBOOK 912 $a9910454912803321 996 $aPersonnes a?ge?es et les urgences dans a perspective d'un vieillissement actif$92153825 997 $aUNINA LEADER 04665nam 22007455 450 001 9910483948003321 005 20251204110701.0 010 $a9783030471101 010 $a3030471101 024 7 $a10.1007/978-3-030-47110-1 035 $a(CKB)4100000011526502 035 $a(MiAaPQ)EBC6381207 035 $a(DE-He213)978-3-030-47110-1 035 $a(Perlego)3481190 035 $a(EXLCZ)994100000011526502 100 $a20201026d2021 u| 0 101 0 $aeng 135 $aurnn|008mamaa 181 $ctxt$2rdacontent 182 $cc$2rdamedia 183 $acr$2rdacarrier 200 10$aBeckett and Politics /$fedited by William Davies, Helen Bailey 205 $a1st ed. 2021. 210 1$aCham :$cSpringer International Publishing :$cImprint: Palgrave Macmillan,$d2021. 215 $a1 online resource (XIV, 319 p. 1 illus.) 225 1 $aNew Directions in Irish and Irish American Literature,$x2731-3190 300 $aIncludes index. 311 08$a9783030471095 311 08$a3030471098 327 $a1. Introduction, Helen Bailey & William Davies -- 2. The Politics of Forms in Beckett?s Writing, Nadia Louar -- 3. Beckett, Contradiction and a Textual Politics of Change, Arka Chattopadhyay -- 4. ?Made of words?: Beckett and the Politics of Language, Alan Graham -- 5. ?First the Place, Then I?ll Find Me in It?: The Unnamable?s Pronouns and the Politics of Confinement, James Little -- 6. Beckett, Evangelicalism and the Biopolitics of Famine, Seán Kennedy -- 7. Tweaking Misogyny or Misogyny Twisted: Beckett?s Take on ?Aristotle and Phyllis? in Happy Days, Kumiko Kiuchi -- 8. Insufferable Maternity and Motherhood in ?First Love?, Brenda O?Connell -- 9. Beckett, Biopolitics and the Problem of Life, Marc Farrant -- 10. Beckett?s Portrait of the Artist as a Young ?Post-War Degenerate?, Giovanna Vincenti -- 11. Waiting for Godot and the Fascist Aesthetics of the Bod, Hannah Simpson -- 12. Political Theatre and the Beckett Problem, Emilie Morin -- 13. ?The air is full of our cries?: Staging Godot during apartheid South Africa, Matthew McFrederick -- 14. Samuel Beckett?s Nominalist Politics and the Pitfalls of ?Presentism?, Matthew Feldman -- 15. Samuel Beckett?s Subaltern Figures, Brendan Dowling -- 16. The Big House in the Suburbs: Home Thoughts from Abroad in Watt, Feargal Whelan -- 17. Beckett and the Politics of Empathy in Site-Specific Theatre, Niamh M. Bowe -- 18. Towards A Modernism with Meaning: Beckett?s Refugees, Rodney Sharkey -- 19. Afterword, Peter Boxall. 330 $aThis collection of essays reveals the extent to which politics is fundamental to our understanding of Samuel Beckett?s life and writing. Bringing together internationally established and emerging scholars, Beckett and Politics considers Beckett?s work as it relates to three broad areas of political discourse: language politics, biopolitics and geopolitics. Through a range of critical approaches, including performance studies, political theory, gender theory, historicizing approaches and language theory, the book demonstrates how politics is more than just another thematic lens: it is fundamentally and structurally intrinsic to Beckett?s life, his texts and subsequent interpretations of them. This important collection of essays demonstrates that Beckett?s work is not only ripe for political engagement, but also contains significant opportunities for understanding and illuminating the broader relationships between literature, culture and politics. . 410 0$aNew Directions in Irish and Irish American Literature,$x2731-3190 606 $aLiterature, Modern$y20th century 606 $aLiterature 606 $aDrama 606 $aEuropean literature 606 $aPerforming arts 606 $aTheater 606 $aTwentieth-Century Literature 606 $aLiterature 606 $aDrama 606 $aEuropean Literature 606 $aTheatre and Performance Arts 615 0$aLiterature, Modern 615 0$aLiterature. 615 0$aDrama. 615 0$aEuropean literature. 615 0$aPerforming arts. 615 0$aTheater. 615 14$aTwentieth-Century Literature. 615 24$aLiterature. 615 24$aDrama. 615 24$aEuropean Literature. 615 24$aTheatre and Performance Arts. 676 $a828.91409 676 $a800 702 $aDavies$b William$f1991- 702 $aBailey$b Helen$f1964-2016, 801 0$bMiAaPQ 801 1$bMiAaPQ 801 2$bMiAaPQ 906 $aBOOK 912 $a9910483948003321 996 $aBeckett and politics$92853415 997 $aUNINA